،ج 2 أساسيات الهندسة الكهربائية/ (Record no. 6330)
[ view plain ]
| 000 -الفاتح | |
|---|---|
| حقل البيانات ثابتة الطول | 01134nac a22002291u 4500 |
| 008 - عناصر البيانات ثابتة الطول - معلومات عامة | |
| حقل البيانات ثابتة الطول | 100810s19?? ua|||||r|||| 001 0dara d |
| 082 ## - رقم تصنيف ديوى العشرى | |
| رقم التصنيف | 621.3 |
| رقم المادة | ج ر ا |
| 100 ## - المدخل الرئيسى - إسم شخصى | |
| الإسم الشخصى | جراف،هاينز |
| 9 (RLIN) | 17375 |
| 245 ## - بيان العنوان | |
| العنوان | ،ج 2 أساسيات الهندسة الكهربائية/ |
| بيان المسئوليه,etc | تأليف هاينز جراف؛ترجمة أحمد مختار شافعي،إبراهيم يعقوب مطر |
| 260 ## - PUBLICATION, DISTRIBUTION, ETC. (IMPRINT) | |
| مكان الناشر او الموزع | القاهرة: |
| اسم الناشر او الموزع | مؤسسة الأهرام، |
| تاريخ النشر أو التوزيع | [19??] |
| 300 ## - الوصف المادى | |
| التعداد | 250 ص: |
| أبعاد الوعاء | 18 cm. |
| تفاصيل ماديه اخرى للوعاء | ايض، |
| 490 ## - بيان السلسلة | |
| -- | 17331 |
| عنوان السلسلة | الأسس التكنولوجية |
| 504 ## - تبصرة ببليوجرافية | |
| تبصرة ببليوجرافية,الخ | يشتمل على ببليوجرافية ص344-350 |
| 541 ## - تبصرة المصدر المباشر للتزويد | |
| طريقة التزويد | شراء؛ |
| 650 ## - المدخل الاضافى بالموضوع-مصطلح موضوعى | |
| مصطلح موضوعي أو اسم جغرافي كعنصر مدخل | الهندسة الكهربائية |
| 9 (RLIN) | 17292 |
| 650 ## - المدخل الاضافى بالموضوع-مصطلح موضوعى | |
| مصطلح موضوعي أو اسم جغرافي كعنصر مدخل | الآلات الكهربائية |
| 9 (RLIN) | 17379 |
| 700 ## - المدخل الاضافى - اسم شخصى | |
| الإسم الشخصى | شافعي،أحمد مختار |
| 9 (RLIN) | 17376 |
| 700 ## - المدخل الاضافى - اسم شخصى | |
| الإسم الشخصى | مطر،إبراهيم يعقوب |
| 9 (RLIN) | 17377 |
| 700 ## - المدخل الاضافى - اسم شخصى | |
| الإسم الشخصى | Abd El Wahed,Anwar Mahmoud |
| 9 (RLIN) | 17381 |
| 942 ## - عناصر المدخل الإضافي( كوها) | |
| Koha [default] item type | Book - Borrowing |
| سابقة رقم الطلب | 621.3ج ر ا |
| مصدر التصنيف او مخطط الترفيف | Dewey Decimal Classification |
| حالة التراجع | حالة الفقد | مصدر التصنيف او خطة الترفيف | حالة تلف | ليس للاعارة | مجموعات كوها | المكان الدائم | المكان الحالي | موقع الترفيف | تاريخ الاكتساب | Source of acquisition | رقم الاستدعاء | الباركود | Date last seen | نوع الوعاء | تبصرة عامة |
|---|---|---|---|---|---|---|---|---|---|---|---|---|---|---|---|
| Dewey Decimal Classification | Central Library | Central Library | First floor | 17/01/2011 | 621.3 ج ر ا | 000007759 | 15/07/2025 | Book - Borrowing | ج 2 |